00324nam a2200121 a 4500008004100000020001500041050001800056100002000074245005300094260003200147300001400179350000900193120416s0000 ||||||||||||||||| || u a0070448434 aTK 7888.3 Mac aMcCluskey, E. J10aIntroduction to the theory of switching circuits aNew YorkbMcGraw-Hillc1965 axv, 318p. a0.00